• 首页
  • 本馆介绍
  • 公告通知
  • 最新文献
  • 馆藏检索
  • 电子资源
  • 读者导购
  • 参考咨询
  • 我的图书馆
  • 登录
  • 详细信息显示
  • 放入我的书架
  • 预约/预借图书
  • 作者相关作品
  • 分类相关作品
  • 丛书相关作品
  • 出版社相关作品

书目信息

  • 表格格式
  • 工作单格式
  • 卡片格式
题名:
民办教育引论
    
 
作者: 黄藤 , 阎光才 著
分册:  
出版信息: 北京   中国社会科学出版社  2003
页数: 233页
开本: 21cm
丛书名: 七方民办教育丛书
单 册:
中图分类: G512.74
科图分类:
主题词: 社会办学--世界
电子资源:
ISBN: 7-5004-3814-1
000 00740nam0 2200241 450
001 0533100719
005 20051108092720.01
010    @a7-5004-3814-1@dCNY146.00(全5册)
092    @aCN
100    @a20051108d2003 km y0chiy0120 ea
101 0  @achi
102    @aCN@b110000
200 1  @a民办教育引论@Amin ban jiao yu yin lun@f黄藤,阎光才著@Fhuang teng,yan guang cai zhu
210    @a北京@c中国社会科学出版社@d2003
215 1  @a233页@d21cm
225    @a七方民办教育丛书@f黄藤主编
410  0 @12001 @a七方民办教育丛书@1701 0@a黄藤@Ahuang teng@4主编
606 0  @a社会办学@y世界
690    @aG512.74@v4
701  0 @a黄藤@Ahuang teng@4著
701  0 @a阎光才@Ayan guang cai@4著
801  0 @aCN@bPFT@c20051108
905    @a10447@dG512.74@e38
    
    民办教育引论/黄藤,阎光才著.-北京:中国社会科学出版社,2003
    233页;21cm.-(七方民办教育丛书/黄藤主编)
    
    
    ISBN 7-5004-3814-1:CNY146.00(全5册)
    
●
相关链接 在E读中查询图书 在五车中查询图书 在当当中查询图书 在豆瓣中查询图书


正题名:民办教育引论     索取号:G512.74/38         预约/预借

序号 登录号 条形码 馆藏地/架位号 状态 备注
1 0337810   203378102   第一样本阅览室/ [索取号:G512.74/38] 在馆    
唐山师范学院图书馆 欢迎您!
大连网信软件有限公司© 版权所有